Catálogo público

Efecto residual de la quema y fertilización nitrogenada sobre la producción de semilla de pasto navajita azul (Bouteloua gracilis) / (Record no. 165280)

MARC details
000 -CABECERA
campo de control de longitud fija 01061nam a2200313Ia 4500
001 - NÚMERO DE CONTROL
campo de control Z_2224
003 - IDENTIFICADOR DEL NÚMERO DE CONTROL
campo de control CHAP
008 - DATOS DE LONGITUD FIJA--INFORMACIÓN GENERAL
campo de control de longitud fija 220113s1995 xx 000 0 und d
010 ## - NÚMERO DE CONTROL DE LA BIBLIOTECA DEL CONGRESO
Número de control de LC 165280
040 ## - FUENTE DE LA CATALOGACIÓN
Centro/agencia transcriptor CHAP
090 ## - LOCALMENTE ASIGNADO TIPO-LC NÚMERO DE CLASIFICACIÓN (OCLC); NÚMERO DE CLASIFICACIÓN LOCAL (RLIN)
Número de clasificación (OCLC) (R) ; Numero de clasificación, CALL (RLIN) (NR) Tesis C 939
100 ## - ENTRADA PRINCIPAL--NOMBRE DE PERSONA
Nombre de persona Calderón Chávez, Mario Fernando
9 (RLIN) 17380
245 ## - MENCIÓN DE TÍTULO
Título Efecto residual de la quema y fertilización nitrogenada sobre la producción de semilla de pasto navajita azul (Bouteloua gracilis) /
Mención de responsabilidad, etc. por Mario Fernando Calderón Chávez y Ma. Guadalupe Botello Araujo
260 ## - PUBLICACIÓN, DISTRIBUCIÓN, ETC.
Lugar de publicación, distribución, etc. Chapingo, Méx. :
Nombre del editor, distribuidor, etc. El autor,
Fecha de publicación, distribución, etc. 1995
300 ## - DESCRIPCIÓN FÍSICA
Extensión 56 h.
502 ## - NOTA DE TESIS
Nota de tesis Tesis (Ing. Agr. Esp. en Zootecnia) -- UACH. Departamento de Zootecnia
650 ## - PUNTO DE ACCESO ADICIONAL DE MATERIA--TÉRMINO DE MATERIA
Término de materia o nombre geográfico como elemento de entrada Bouteloua gracilis
9 (RLIN) 14797
650 ## - PUNTO DE ACCESO ADICIONAL DE MATERIA--TÉRMINO DE MATERIA
Término de materia o nombre geográfico como elemento de entrada Nitrógeno
Subdivisión general Efecto en pastos
9 (RLIN) 81455
650 ## - PUNTO DE ACCESO ADICIONAL DE MATERIA--TÉRMINO DE MATERIA
Término de materia o nombre geográfico como elemento de entrada Pastos
Subdivisión general Fertilización
9 (RLIN) 86033
650 ## - PUNTO DE ACCESO ADICIONAL DE MATERIA--TÉRMINO DE MATERIA
Término de materia o nombre geográfico como elemento de entrada Pastos
Subdivisión general Germinación
9 (RLIN) 86040
650 ## - PUNTO DE ACCESO ADICIONAL DE MATERIA--TÉRMINO DE MATERIA
Término de materia o nombre geográfico como elemento de entrada Pastos
Subdivisión general Semillas
9 (RLIN) 139239
700 ## - PUNTO DE ACCESO ADICIONAL--NOMBRE DE PERSONA
Nombre de persona Botello Araujo, Ma. Guadalupe
9 (RLIN) 14463
901 ## - ELEMENTOS DE DATOS A LOCAL LDA (RLIN)
a TESIS C 939
902 ## - ELEMENTOS DE DATOS B LOCAL, LDB (RLIN)
a M
910 ## - DATOS DE OPCIÓN DEL USUARIO (OCLC)
Datos de opción del usuario 1995
942 ## - ELEMENTOS DE PUNTO DE ACCESO ADICIONAL (KOHA)
Tipo de ítem Koha Tesis_
942 ## - ELEMENTOS DE PUNTO DE ACCESO ADICIONAL (KOHA)
Tipo de ítem Koha Tesis_
Holdings
Estado de retiro Estado de pérdida Fuente del sistema de clasificación o colocación Estado dañado Restricciones de uso No para préstamo Código de colección Localización permanente Ubicación/localización actual Fecha de adquisición Fuente de adquisición Total de préstamos Signatura topográfica completa Código de barras Fecha visto por última vez Número de copia Precio válido a partir de Tipo de ítem Koha
    Clasificación Universidad Autónoma de Chapingo   Préstamo interno   Tesis Zootecnia Zootecnia 09/11/2005 El autor   Tesis C35 939 1995 5101001377 18/01/2022 Ej. 1 18/01/2022 Tesis
    Clasificación Universidad Autónoma de Chapingo   Préstamo 5 días   Tesis Zootecnia Zootecnia 09/11/2005 El autor   Tesis C35 939 1995 5101001378 18/01/2022 Ej.2 18/01/2022 Tesis